Šikanovanie v školách

Rozhovor s Milanom Kotíkom, manažérom projektu "Minimalizace šikany" o tom, ako žiadna škola a žiadny kolektív nie je pred šikanou trvalo v bezpečí.

Gespeichert in:
Bibliographische Detailangaben
1. Verfasser: Kotík, Milan
Format: Buchkapitel
Sprache:Slowakisch
Tschechisch
Schlagworte:
Tags: Tag hinzufügen
Keine Tags, Fügen Sie das erste Tag hinzu!

MARC

LEADER 00000naa a2200000 4500
001 0225421
005 20231127103645.8
041 0 |a slo 
041 0 |a cze 
044 |a SK 
245 1 0 |a Šikanovanie v školách  |c Milan Kotík 
520 |a Rozhovor s Milanom Kotíkom, manažérom projektu "Minimalizace šikany" o tom, ako žiadna škola a žiadny kolektív nie je pred šikanou trvalo v bezpečí. 
610 2 0 |a rozhovor 
610 2 0 |a manažéri 
610 2 0 |a projekty 
610 2 0 |a školy 
610 2 0 |a šikanovanie 
610 2 0 |a prevencia 
610 2 0 |a správanie 
610 2 0 |a kolektív 
610 2 0 |a psychológia pedagogická 
100 1 |a Kotík, Milan